000
00314nam a22001337a 4500
008
170609b xxu||||| |||| 00| 0 eng d
020
_a
9780312073671
041
_a
eng
080
_a
32
100
_a
19
101
_a
SHP
245
_a
AT ISSUE POLITICS IN THE WORLD ARENA
_c
SPIEGEL.SH.L
942
_2
udc
_c
BK
999
_c
16615
_d
16615